00594cam a2200181 a 4500020003600000041000800036082001300044245008600057260004000143300002800183650001000211700002200221700001800243700002200261942000700283952010500290999001700395 a9004106928 (cloth : alk. paper) aENG00a297bRID00aIslam : Essays on Scripture, Thought & Society A Festschrift in Honour of Anthony aleiden ;aNew York :bBrill,c1997. axliii, 361 p. :bill. ; 0aIslam1 aRiddell, Peter G.1 aStreet, Tony.1 aJohns, Anthony H. cBK 00104070aHMIbHMIcGENd2023-09-13eNetherlandsl0o297 RIDp11004761r2026-01-16w2026-01-16yBK c23367d23367